| 000 | 00335nam a22001217a 4500 | ||
|---|---|---|---|
| 999 |
_c10335 _d10335 |
||
| 003 | OSt | ||
| 008 | 201218b ||||| |||| 00| 0 eng d | ||
| 245 | _aClaro : Auto | ||
| 250 | _a2018(Jan-Mar, Apr-Jun, Jul-Sep, Oct-Dec) | ||
| 260 |
_aAhmedabad _bClaro Publications Private Limited |
||
| 650 | _aMechanical Engineering | ||
| 942 |
_2ddc _cBV |
||